|
|
|
|
| LEADER |
00000nab a2200000 a 4500 |
| 001 |
vtls000904321 |
| 003 |
SK-MaSNL |
| 005 |
20260303235400.0 |
| 008 |
040720e20000601xo 0 slo |
| 035 |
|
|
|a KE13276
|
| 040 |
|
|
|a KEVKJB
|b slo
|c KEVKJB
|e AACR2
|
| 041 |
0 |
|
|a slo
|
| 044 |
|
|
|a xo
|c SK
|
| 080 |
|
|
|a 792
|2 1981
|
| 100 |
1 |
|
|a Vejačková, Andrea
|4 aut
|9 877608
|
| 245 |
1 |
0 |
|a Pavilón snov a výmyslov
|b Divadlo Maškrta pripravilo svoju štvrtú premiéru
|
| 610 |
2 |
7 |
|a Maškrta (súkromné profesionálne divadlo)
|2 SNK
|9 1104755
|
| 611 |
1 |
7 |
|a Pavilón snov a výmyslov (inscenácia)
|2 SNK
|9 1273995
|
| 650 |
0 |
7 |
|a bábkové divadlo
|2 SNKPH
|9 3309
|
| 651 |
|
7 |
|a Košice (Slovensko)
|2 SNKPHgeo
|9 18694
|
| 655 |
|
7 |
|a periodikum
|2 SNKPH
|9 29553
|
| 710 |
2 |
|
|a Maškrta (súkromné profesionálne divadlo)
|4 aut
|9 1104755
|
| 773 |
0 |
8 |
|t Košický večer
|g Roč. 11
|g Roč. 32, č.104, 1.6.2000, s. 8
|
| 852 |
|
|
|a ZVYKNI
|b KIS3GCP
|
| 999 |
|
|
|c 2525552
|d 2527482
|